Activitats de formació permanent del professorat en el curs 1981-1982 : Realitzades en el marc dels ICE de les tres Universitats Catalanes Realitzades en el marc dels ICE de les tres Universitats Catalanes
Descripción Física:
53 p. ; 21 x 30 cm
MARC
| LEADER | 00000nam a2200000Ia 4500 | ||
|---|---|---|---|
| 001 | 604 | ||
| 008 | 160829s1982 xx 000 0 cat d | ||
| 080 | |a FOL-1-185 | ||
| 245 | |a Activitats de formació permanent del professorat en el curs 1981-1982 : |b Realitzades en el marc dels ICE de les tres Universitats Catalanes | ||
| 260 | |a Barcelona : |b Generalitat de Catalunya. Departament d'Ensenyament, |c 1982 | ||
| 300 | |a 53 p. ; |c 21 x 30 cm | ||
| 650 | 0 | |a Mestres |x Educació (Educació permanent) |z Catalunya |9 22005 | |
| 710 | |a Catalunya. |b Departament d'Ensenyament |9 52899 | ||
| 901 | |a Arxiu | ||
| 942 | |n 1 | ||
| 952 | |0 0 |1 0 |4 0 |6 FOL1185 |7 1 |9 41997 |a Arxiu |b Arxiu |d 2016-12-01 |l 0 |o FOL-1-185 |p 604 |r 2016-12-01 00:00:00 |w 2016-12-01 |y ARXIU | ||
| 999 | |c 44444 |d 44444 | ||